|
|
|
|
| LEADER |
01170nam a2200289 a 4500 |
| 001 |
4014 |
| 003 |
BD-DhAAL |
| 008 |
090407s1985 ii b 001 0 eng d |
| 999 |
|
|
|c 133
|d 133
|
| 010 |
|
|
|a 85904604
|
| 020 |
|
|
|a 195616790 :
|c Rs150.00
|
| 040 |
|
|
|a DLC
|c DLC
|d DLC
|d BD-DhAAL
|
| 050 |
0 |
0 |
|a HD9275.I52
|b G46 1985
|
| 082 |
|
|
|a 338.1770954
|2 22
|
| 100 |
1 |
|
|a George, Shanti.
|9 1401
|
| 245 |
1 |
0 |
|a Operation flood :
|b an appraisal of current Indian dairy policy /
|c Shanti George.
|
| 260 |
|
|
|a Delhi ;
|a New York :
|b Oxford University Press,
|c 1985.
|
| 300 |
|
|
|a xvi, 320 pages ;
|c 22 cm.
|
| 504 |
|
|
|a Includes bibliographical references (pages [301]-316) and index.
|
| 541 |
1 |
|
|e 4014
|
| 650 |
|
0 |
|a Dairying
|x Government policy
|z India.
|9 1402
|
| 650 |
|
0 |
|a Dairy products
|z India
|x Marketing.
|9 1403
|
| 650 |
|
0 |
|a Economic assistance, European
|z India.
|9 1404
|
| 651 |
|
0 |
|a European Economic Community
|x Economic assistance.
|9 1405
|
| 852 |
|
|
|a Ayesha Abed Library
|j General Stacks
|
| 942 |
|
|
|2 ddc
|c BK
|
| 952 |
|
|
|0 0
|1 0
|2 ddc
|4 0
|6 338_177095400000000_GEO_1985
|7 0
|9 123
|a BRACUL
|b BRACUL
|c GEN
|d 2009-04-28
|g 610.00
|l 1
|o 338.1770954 GEO
|p 3010004014
|r 2009-05-14
|s 2009-05-13
|t 1
|w 2009-04-28
|y BK
|